000 00390nam a22001457a 4500
003 macl
005 20180609125338.0
008 180421b xxu||||| |||| 00| 0 eng d
040 _cmacl
100 _aTilak raj sareen
_972161
245 _aActivities and ideology of the ghadr party Vol l
260 _aDelhi
_bNavjivan books
_c2016
650 _aPolitical science
_972162
942 _2ddc
_cBK
999 _c57816
_d57816